[Event "Leamington Spa 4NCL op-A 28th"]
[Site "Leamington Spa"]
[Date "2022.07.09"]
[Round "2"]
[White "Arora, Tashika"]
[Black "Woltery, Nicolai"]
[Result "1/2-1/2"]
[WhiteElo "1935"]
[BlackElo "1853"]
[PlyCount "96"]
[EventDate "2022.07.08"]
[EventType "swiss"]
[EventRounds "5"]
[EventCountry "ENG"]
[SourceTitle "CBM 209 Extra"]
[Source "ChessBase"]
[SourceDate "2022.09.30"]
[SourceVersion "1"]
[SourceVersionDate "2022.09.30"]
[SourceQuality "1"]

1. d4 Nf6 2. c4 c5 3. d5 b5 4. Qc2 g6 5. e4 Bg7 6. cxb5 0-0 7. Nc3 e6 8. Bc4 Bb7 9. Qd3 exd5 10. Nxd5 Nxe4 11. Ne2 Nd6 12. Bb3 a6 13. b6 c4 14. Bxc4 Nxc4 15. Qxc4 Nc6 16. Be3 Rc8 17. 0-0 Ne5 18. Qb3 Ng4 19. Rad1 Bxd5 20. Rxd5 Nxe3 21. fxe3 Rc6 22. b7 Rb6 23. Qd3 Rxb7 24. b3 Qe7 25. e4 Rb4 26. Ng3 Be5 27. Rxd7 Qc5+ 28. Kh1 Bxg3 29. Qxg3 Rxe4 30. Qf3 Re7 31. Rd5 Qc2 32. a3 Rfe8 33. h3 Qb2 34. b4 Qa2 35. Kh2 Qc4 36. Rc5 Qe6 37. Qf4 Qb3 38. Rf3 Re3 39. Rxe3 Qxe3 40. Qxe3 Rxe3 41. a4 Re4 42. Ra5 Rxb4 43. Rxa6 Rb3 44. a5 Ra3 45. h4 Kg7 46. g3 h6 47. Kh3 h5 48. Kh2 Ra2+ 1/2-1/2

[Event "EU-ch U16"]
[Site "Bratislava"]
[Date "2019.08.03"]
[Round "2"]
[White "Placer, Sebastian"]
[Black "Woltery, Nicolai"]
[Result "1-0"]
[WhiteElo "2083"]
[BlackElo "1918"]
[PlyCount "127"]
[EventDate "2019.08.02"]
[EventType "swiss"]
[EventRounds "9"]
[EventCountry "SVK"]
[SourceTitle "CBM 191 Extra"]
[Source "ChessBase"]
[SourceDate "2019.09.30"]
[SourceVersion "1"]
[SourceVersionDate "2019.09.30"]
[SourceQuality "1"]

1. d4 Nf6 2. c4 c5 3. d5 b5 4. cxb5 a6 5. bxa6 g6 6. Nc3 Bxa6 7. e4 Bxf1 8. Kxf1 d6 9. Nf3 Bg7 10. g3 0-0 11. Kg2 Nbd7 12. a4 Qa5 13. Bd2 Qa6 14. Qc2 Rfb8 15. h3 Qc4 16. Ra3 Qb4 17. Bc1 Nb6 18. Nd2 c4 19. Na2 Qc5 20. Nf3 Nfd7 21. Be3 Qa5 22. Bd2 Qc5 23. Bb4 Qc7 24. a5 Nc8 25. b3 c3 26. Bxc3 Na7 27. b4 Nb5 28. Rb3 Nxc3 29. Nxc3 Qc4 30. Nd2 Qc7 31. Qd3 Rxb4 32. Rxb4 Qxc3 33. Rb3 Qxd3 34. Rxd3 Rxa5 35. Nb3 Nc5 36. Nxa5 Nxd3 37. Nc6 Bf6 38. f4 e5 39. Rd1 Nb2 40. Rb1 Nd3 41. Rb3 Nc5 42. Rb8+ Kg7 43. fxe5 Bxe5 44. Nxe5 dxe5 45. Kf3 Kf6 46. Rc8 Nb3 47. Re8 Nd2+ 48. Ke3 Nc4+ 49. Kd3 Nd6 50. Ra8 Ke7 51. Ra7+ Ke8 52. Ra1 Ke7 53. Re1 Nb7 54. Kc4 Kd7 55. Ra1 Nd6+ 56. Kd3 Nb5 57. Ra5 Nc7 58. Kc4 Kd6 59. Rc5 f5 60. Rc6+ Kd7 61. exf5 gxf5 62. Rf6 Ne8 63. Rf7+ Kd6 64. Rxf5 1-0

[Event "Helsingor Xtracon op"]
[Site "Helsingor"]
[Date "2019.07.22"]
[Round "4"]
[White "Le Besq, Alexander"]
[Black "Woltery, Nicolai"]
[Result "1-0"]
[WhiteElo "2149"]
[BlackElo "1865"]
[PlyCount "111"]
[EventDate "2019.07.20"]
[EventType "swiss"]
[EventRounds "10"]
[EventCountry "DEN"]
[SourceTitle "CBM 191 Extra"]
[Source "ChessBase"]
[SourceDate "2019.09.30"]
[SourceVersion "1"]
[SourceVersionDate "2019.09.30"]
[SourceQuality "1"]

1. e4 c5 2. Nc3 Nc6 3. d3 g6 4. Be3 d6 5. d4 cxd4 6. Bxd4 Nxd4 7. Qxd4 Nf6 8. e5 dxe5 9. Bb5+ Bd7 10. Qxe5 a6 11. Bxd7+ Qxd7 12. Rd1 Qg4 13. Nd5 Nxd5 14. Qxd5 Bg7 15. Nf3 0-0 16. 0-0 Qc8 17. c3 Rd8 18. Qa5 Rd7 19. Rfe1 Qd8 20. Qa4 b5 21. Rxd7 Qxd7 22. Qe4 Ra7 23. Qf4 Rb7 24. Ng5 Qd5 25. Ne4 a5 26. Qf3 Rd7 27. h3 Bh6 28. Qe2 Qd3 29. Nc5 Qxe2 30. Rxe2 Rd1+ 31. Kh2 Rd2 32. Rxd2 Bf4+ 33. Kg1 Bxd2 34. Nb3 Bf4 35. Nxa5 Bc1 36. c4 bxc4 37. Nxc4 Kf8 38. Kf1 Ke8 39. Ke2 Kd7 40. g3 Bg5 41. Kd3 f5 42. f4 Bf6 43. Ne5+ Bxe5 44. fxe5 g5 45. a4 e6 46. b4 Kc6 47. Kc4 Kb6 48. a5+ Kc6 49. b5+ Kb7 50. Kc5 h5 51. a6+ Kb8 52. Kb6 f4 53. a7+ Ka8 54. Ka6 f3 55. b6 f2 56. b7# 1-0

[Event "Stevenage 4NCL Easter op"]
[Site "Stevenage"]
[Date "2019.04.22"]
[Round "7"]
[White "Verma, Aditya"]
[Black "Woltery, Nicolai"]
[Result "1-0"]
[WhiteElo "2071"]
[BlackElo "1865"]
[PlyCount "54"]
[EventDate "2019.04.19"]
[EventType "swiss"]
[EventRounds "7"]
[EventCountry "ENG"]
[SourceTitle "CBM 189 Extra"]
[Source "ChessBase"]
[SourceDate "2019.06.03"]
[SourceVersion "1"]
[SourceVersionDate "2019.06.03"]
[SourceQuality "1"]

1. e4 c5 2. Nf3 Nc6 3. d4 cxd4 4. Nxd4 g6 5. c4 Bg7 6. Be3 d6 7. Nc3 Qb6 8. Ndb5 Bxc3+ 9. bxc3 Qa5 10. Qd2 Nf6 11. f3 Bd7 12. Be2 Rc8 13. 0-0 0-0 14. Rab1 a6 15. Nd4 Qc7 16. Bg5 Ne8 17. f4 Ng7 18. Bh6 Na5 19. f5 Rfe8 20. Qf4 f6 21. Qg3 Kf7 22. fxg6+ hxg6 23. Bxg7 Kxg7 24. Bh5 g5 25. h4 d5 26. Qxc7 Rxc7 27. Bxe8 Bxe8 1-0

[Event "Stevenage 4NCL Easter op"]
[Site "Stevenage"]
[Date "2019.04.19"]
[Round "1"]
[White "Woltery, Nicolai"]
[Black "Burrows, Martin P"]
[Result "0-1"]
[WhiteElo "1865"]
[BlackElo "2146"]
[PlyCount "50"]
[EventDate "2019.04.19"]
[EventType "swiss"]
[EventRounds "7"]
[EventCountry "ENG"]
[SourceTitle "CBM 189 Extra"]
[Source "ChessBase"]
[SourceDate "2019.06.03"]
[SourceVersion "1"]
[SourceVersionDate "2019.06.03"]
[SourceQuality "1"]

1. c4 Nf6 2. Nf3 e6 3. g3 d5 4. d4 dxc4 5. Bg2 Nc6 6. 0-0 Rb8 7. Re1 Bb4 8. Bd2 Be7 9. Bg5 h6 10. Bxf6 Bxf6 11. e3 b5 12. Nc3 Bd7 13. e4 0-0 14. e5 Be7 15. Ne4 Nb4 16. Bf1 Bc6 17. a3 Nd5 18. Rc1 a5 19. Nc5 Bxc5 20. dxc5 Qe7 21. Nd4 Qxc5 22. Nxc6 Qxc6 23. Bg2 Rfd8 24. Qh5 Qc5 25. Re4 Nf6 0-1

[Event "London Classic op 10th"]
[Site "London"]
[Date "2018.12.14"]
[Round "6"]
[White "Woltery, Nicolai"]
[Black "Pollack, Oscar"]
[Result "0-1"]
[WhiteElo "1817"]
[BlackElo "2150"]
[PlyCount "66"]
[EventDate "2018.12.09"]
[EventType "swiss"]
[EventRounds "9"]
[EventCountry "ENG"]
[SourceTitle "CBM 187 Extra"]
[Source "ChessBase"]
[SourceDate "2018.11.04"]
[SourceVersion "1"]
[SourceVersionDate "2018.11.04"]
[SourceQuality "1"]

1. c4 g6 2. g3 Bg7 3. Bg2 d6 4. Nc3 Nf6 5. Nf3 0-0 6. 0-0 e5 7. d3 Nc6 8. Rb1 h6 9. Nd2 Bf5 10. b4 a6 11. a4 Qc8 12. b5 axb5 13. axb5 Ne7 14. e4 Bg4 15. f3 Bh3 16. Re1 h5 17. Nf1 Nh7 18. Ne3 Bxg2 19. Nxg2 f5 20. Nd5 Nxd5 21. cxd5 Bf6 22. f4 Bg7 23. fxe5 dxe5 24. Rf1 fxe4 25. Rxf8+ Bxf8 26. dxe4 Qh3 27. Qc2 Bd6 28. Be3 Nf6 29. Qe2 Ng4 30. Ne1 Nxe3 31. Qxe3 Ra2 32. Qf3 Bc5+ 33. Kh1 Qxh2# 0-1

[Event "Helsingor Xtracon op"]
[Site "Helsingor"]
[Date "2018.07.28"]
[Round "9"]
[White "Mai, Alexander Oliver"]
[Black "Woltery, Nicolai"]
[Result "1/2-1/2"]
[WhiteElo "1966"]
[BlackElo "1715"]
[PlyCount "52"]
[EventDate "2018.07.21"]
[EventType "swiss"]
[EventRounds "10"]
[EventCountry "DEN"]
[SourceTitle "CBM 185 Extra"]
[Source "ChessBase"]
[SourceDate "2018.07.29"]
[SourceVersion "1"]
[SourceVersionDate "2018.07.29"]
[SourceQuality "1"]

1. d4 Nf6 2. Bf4 g6 3. Nc3 Bg7 4. e4 d6 5. Qd2 0-0 6. 0-0-0 c6 7. f3 b5 8. Bh6 Qa5 9. Bxg7 Kxg7 10. Kb1 b4 11. Nce2 Be6 12. b3 Na6 13. Nf4 Nc7 14. h4 h6 15. Ngh3 a6 16. Nxe6+ fxe6 17. a4 Nb5 18. Kb2 e5 19. dxe5 dxe5 20. Bd3 Nc3 21. Rde1 Nh5 22. Qe3 Qc7 23. Qc5 Qd6 24. Qxd6 exd6 25. Rhf1 a5 26. Nf2 Rae8 1/2-1/2

[Event "BCF-ch U12"]
[Site "Bournemouth"]
[Date "2016.07.29"]
[Round "6"]
[White "Rushbrooke, Remy"]
[Black "Woltery, Nicolai"]
[Result "1-0"]
[WhiteElo "1586"]
[BlackElo "1593"]
[PlyCount "143"]
[EventDate "2016.07.24"]
[EventType "swiss"]
[EventRounds "7"]
[EventCountry "ENG"]
[SourceTitle "EXT 2017"]
[Source "ChessBase"]
[SourceDate "2016.10.25"]
[SourceVersion "1"]
[SourceVersionDate "2016.10.25"]
[SourceQuality "1"]

1. e4 e6 2. d4 d5 3. e5 c5 4. Nf3 Nc6 5. Bd3 Qb6 6. 0-0 cxd4 7. Nbd2 Nge7 8. Nb3 Bd7 9. Bf4 Ng6 10. Bg3 a5 11. Qe2 a4 12. Nbd2 Be7 13. b3 a3 14. h4 Bb4 15. h5 Nge7 16. Nb1 Na7 17. Ng5 h6 18. Nh3 Nb5 19. Qg4 0-0-0 20. Qxg7 Rdf8 21. Bh4 Nc6 22. Bxb5 Qxb5 23. Rc1 Rfg8 24. Qf6 Qe2 25. Nf4 Qxe5 26. Qxe5 Nxe5 27. Bf6 Bd6 28. Bxe5 Bxe5 29. Nd3 Bd6 30. Nd2 Kb8 31. Nf3 f6 32. Nxd4 e5 33. Ne2 Rg5 34. Nc3 e4 35. Ne1 Be5 36. Nxd5 Bxa1 37. Nb6 Kc7 38. Nxd7 Kxd7 39. Rxa1 Rxh5 40. Rd1+ Kc6 41. Rd4 Re5 42. Ra4 Rd8 43. Kf1 Rd1 44. Ke2 Rdd5 45. Rxa3 Ra5 46. Rxa5 Rxa5 47. a4 f5 48. f3 Re5 49. Kf2 Kd5 50. fxe4+ fxe4 51. Ke3 Rf5 52. c4+ Ke5 53. b4 Rg5 54. c5 Rg3+ 55. Kd2 Ra3 56. a5 Ra2+ 57. Kc3 Re2 58. Nc2 Kf4 59. b5 Rxg2 60. c6 bxc6 61. b6 e3 62. b7 Rg8 63. a6 e2 64. a7 Rg5 65. b8Q+ Kf3 66. Qf8+ Kg2 67. a8Q Rc5+ 68. Qxc5 e1Q+ 69. Nxe1+ Kg3 70. Qe5+ Kg4 71. Qg8+ Kh3 72. Qeg3# 1-0

[Event "BCF-ch U12"]
[Site "Bournemouth"]
[Date "2016.07.27"]
[Round "4"]
[White "Akeya Price, Robert A"]
[Black "Woltery, Nicolai"]
[Result "0-1"]
[WhiteElo "1669"]
[BlackElo "1593"]
[PlyCount "150"]
[EventDate "2016.07.24"]
[EventType "swiss"]
[EventRounds "7"]
[EventCountry "ENG"]
[SourceTitle "EXT 2017"]
[Source "ChessBase"]
[SourceDate "2016.10.25"]
[SourceVersion "1"]
[SourceVersionDate "2016.10.25"]
[SourceQuality "1"]

1. d4 Nf6 2. c4 c5 3. d5 b5 4. cxb5 a6 5. bxa6 g6 6. Nc3 Bxa6 7. Nf3 d6 8. g3 Bg7 9. Bg2 Nbd7 10. Rb1 Nb6 11. 0-0 Bc4 12. Ne1 Bxa2 13. Nxa2 Rxa2 14. Qb3 Ra4 15. Qb5+ Nfd7 16. Nc2 0-0 17. b3 Ra7 18. Bb2 Qc7 19. Bxg7 Kxg7 20. Ra1 Rb8 21. Qd3 Rab7 22. Ra3 Nf6 23. Rc1 Qd7 24. h3 Nc8 25. Na1 Na7 26. e3 Rb6 27. Kh2 Nb5 28. Ra2 Nc7 29. Rd1 Qb5 30. Ra7 R8b7 31. Rxb7 Rxb7 32. Qc4 Ra7 33. Rc1 Ra2 34. Kg1 Qa6 35. Nc2 Rb2 36. Qc3 Qa2 37. e4 Qxb3 38. Qxb3 Rxb3 39. Ne3 Nb5 40. Nc4 Nd4 41. Kf1 Nd7 42. Ke1 Kf6 43. Kd2 Ne5 44. Bf1 Nxc4+ 45. Bxc4 Rb2+ 46. Ke3 Nc2+ 47. Kf3 Nd4+ 48. Ke3 Rc2 49. Rxc2 Nxc2+ 50. Kf4 g5+ 51. Kf3 Ke5 52. Bb5 Nd4+ 53. Ke3 Nxb5 54. f4+ Kf6 55. g4 c4 56. fxg5+ Kxg5 57. Kd2 Kf4 58. Kc2 Kxe4 59. h4 Kf4 60. g5 Kg4 61. g6 hxg6 62. h5 gxh5 63. Kd2 c3+ 64. Kc2 h4 65. Kb3 h3 66. Kc4 c2 67. Kb4 c1Q 68. Ka5 Qb2 69. Kb6 Nd4+ 70. Kc7 Qb5 71. Kd8 Qb7 72. Ke8 Kf5 73. Kf8 Kf6 74. Kg8 h2 75. Kh8 h1Q+ 0-1

[Event "BCF-ch U11"]
[Site "Coventry"]
[Date "2015.08.01"]
[Round "7"]
[White "Sanitt, Leo"]
[Black "Woltery, Nicolai"]
[Result "1/2-1/2"]
[WhiteElo "1542"]
[BlackElo "1729"]
[PlyCount "43"]
[EventDate "2015.07.27"]
[EventType "swiss"]
[EventRounds "7"]
[EventCountry "ENG"]
[SourceTitle "EXT 2016"]
[Source "ChessBase"]
[SourceDate "2015.10.08"]
[SourceVersion "1"]
[SourceVersionDate "2015.10.08"]
[SourceQuality "1"]

1. d4 Nf6 2. c4 c5 3. d5 b5 4. cxb5 a6 5. bxa6 g6 6. Nc3 Bxa6 7. Bg5 d6 8. Bxf6 exf6 9. g3 Bg7 10. Qa4+ Qd7 11. Qxd7+ Nxd7 12. Bg2 f5 13. Kd2 Nf6 14. h3 Kd7 15. e3 Bc4 16. Nge2 Ne4+ 17. Bxe4 fxe4 18. Rhc1 Rhb8 19. b3 Bd3 20. Nf4 c4 21. Nxd3 cxd3 22. f3 1/2-1/2